Normal view
MARC view
- التحقيق الجنائي -- الأردن -- البحث الجنائي -- الأردن -- قانون الإجراءات الجنائية -- الأردن
Entry Topical Term
001 - CONTROL NUMBER
- control field: 21421
003 - CONTROL NUMBER IDENTIFIER
- control field: JO-AjAnu
005 - DATE AND TIME OF LATEST TRANSACTION
- control field: 20230606073718.0
008 - FIXED-LENGTH DATA ELEMENTS
- fixed length control field: 230606|| aca||aabn | a|a d
040 ## - CATALOGING SOURCE
- Original cataloging agency: JO-AjAnu
- Transcribing agency: JO-AjAnu
150 ## - HEADING--TOPICAL TERM
- Topical term or geographic name entry element: التحقيق الجنائي -- الأردن -- البحث الجنائي -- الأردن -- قانون الإجراءات الجنائية -- الأردن
670 ## - SOURCE DATA FOUND
- Source citation: Work cat.: (JO-AjAnu)11005: اعداد وتأليف، عبد الكريم الردايدة , author 21420, الجامع الشرطي في إجراءات التحقيق الجنائي وأعمال الضابطة العدلية